[Event "Mukachevo Summer op"]
[Site "Mukachevo"]
[Date "2013.06.25"]
[Round "1"]
[White "Ovsejevitsch, Sergei"]
[Black "Varchenko, Grigory"]
[Result "1/2-1/2"]
[WhiteElo "2562"]
[BlackElo "2120"]
[PlyCount "129"]
[EventDate "2013.06.25"]
[EventType "swiss"]
[EventRounds "9"]
[EventCountry "UKR"]
[SourceTitle "CBM 155 Extra"]
[Source "ChessBase"]
[SourceDate "2013.08.26"]
[SourceVersion "1"]
[SourceVersionDate "2013.08.26"]
[SourceQuality "1"]

1. d4 Nf6 2. c4 e6 3. Nc3 Bb4 4. e3 0-0 5. Bd3 b6 6. Nf3 Bb7 7. 0-0 Bxc3 8. bxc3 Ne4 9. Ne1 f5 10. f3 Nf6 11. c5 bxc5 12. Ba3 Nd5 13. Qc1 Nc6 14. Bxc5 d6 15. Ba3 Qg5 16. Nc2 a5 17. Qd2 Kh8 18. Rab1 Bc8 19. c4 Nf6 20. Bc1 Qg6 21. Qf2 Ba6 22. Bd2 Kg8 23. Qg3 Qf7 24. e4 d5 25. exf5 exf5 26. Rfe1 Nh5 27. Qh4 dxc4 28. Bf1 c3 29. Bxc3 Bxf1 30. Rxf1 Qc4 31. Rb3 a4 32. Ra3 Nf6 33. Ne3 Qe6 34. Re1 Qd6 35. Nc4 Qd5 36. Ne3 Qd6 37. Nc4 Qd5 38. Nb2 Qd6 39. Rxa4 Rxa4 40. Nxa4 Nd5 41. Bd2 f4 42. Qh5 g6 43. Qg5 Nb6 44. Nxb6 Qxd4+ 45. Kf1 cxb6 46. Qb5 Qxd2 47. Qxc6 Qxa2 48. Qxb6 Qd5 49. Kg1 Rd8 50. Kh1 Rf8 51. h3 Rf7 52. Qb2 Qd7 53. Re4 Qf5 54. Kh2 h6 55. Qd4 Kh7 56. Re8 Qf6 57. Qc4 Qg7 58. Re6 h5 59. Qe4 Kh6 60. Qc6 Kh7 61. Qe4 Kh6 62. Re5 Qf6 63. Qd4 Qh4 64. Re6 Kh7 65. Qd1 1/2-1/2

[Event "Yuzhny op"]
[Site "Yuzhny"]
[Date "2011.09.07"]
[Round "8"]
[White "Sivuk, Vitaly"]
[Black "Varchenko, Grigory"]
[Result "1-0"]
[WhiteElo "2436"]
[BlackElo "2111"]
[PlyCount "45"]
[EventDate "2011.09.03"]
[EventType "swiss"]
[EventRounds "9"]
[EventCountry "UKR"]
[SourceTitle "CBM 144 Extra"]
[Source "ChessBase"]
[SourceDate "2011.10.28"]
[SourceVersion "1"]
[SourceVersionDate "2011.10.28"]
[SourceQuality "1"]

1. e4 c6 2. d4 d5 3. e5 Bf5 4. Be3 e6 5. Nd2 h6 6. Ngf3 Nd7 7. Be2 Ne7 8. Nh4 Bh7 9. f4 Nf5 10. Nxf5 Bxf5 11. 0-0 h5 12. b3 g6 13. c4 Be7 14. Nf3 0-0 15. Bd3 Bxd3 16. Qxd3 Kg7 17. g3 f5 18. exf6+ Bxf6 19. Rae1 Nb6 20. Bc1 Qd7 21. c5 Nc8 22. Qe3 Re8 23. f5 1-0

[Event "Geller Memorial op-A 7th"]
[Site "Odessa"]
[Date "2011.08.28"]
[Round "9"]
[White "Andreev, Volodymyr"]
[Black "Varchenko, Grigory"]
[Result "1-0"]
[WhiteElo "1919"]
[BlackElo "2119"]
[PlyCount "59"]
[EventDate "2011.08.20"]
[EventType "swiss"]
[EventRounds "9"]
[EventCountry "UKR"]
[SourceTitle "EXT 2014"]
[Source "ChessBase"]
[SourceDate "2013.11.20"]
[SourceVersion "1"]
[SourceVersionDate "2013.11.20"]
[SourceQuality "1"]

1. e4 c5 2. Nc3 Nc6 3. f4 d6 4. Bc4 e6 5. Nf3 Nf6 6. d3 Be7 7. h3 a6 8. a4 Qc7 9. Qe2 0-0 10. g4 Nd4 11. Qf2 Nxf3+ 12. Qxf3 Bd7 13. g5 Ne8 14. h4 Kh8 15. Be3 Qa5 16. Bd2 Qd8 17. Ne2 Bc6 18. h5 d5 19. Bc3 dxc4 20. h6 f6 21. hxg7+ Kxg7 22. Qh5 Rh8 23. 0-0-0 cxd3 24. Qh6+ Kg8 25. gxf6 Bxf6 26. Rhg1+ Kf7 27. Rxd3 Bxc3 28. Rxd8 Bxb2+ 29. Kxb2 Rxd8 30. f5 1-0

[Event "Geller Memorial op-B 7th"]
[Site "Odessa"]
[Date "2011.08.28"]
[Round "9"]
[White "Neronov, Boris"]
[Black "Varchenko, Grigory"]
[Result "0-1"]
[WhiteElo "1997"]
[BlackElo "2119"]
[PlyCount "51"]
[EventDate "2011.08.20"]
[EventType "swiss"]
[EventRounds "9"]
[EventCountry "UKR"]
[SourceTitle "EXT 2014"]
[Source "ChessBase"]
[SourceDate "2013.11.20"]
[SourceVersion "1"]
[SourceVersionDate "2013.11.20"]
[SourceQuality "1"]

1. e4 c5 2. c4 Nc6 3. Ne2 g6 4. d4 cxd4 5. Nxd4 Bg7 6. Be3 Nf6 7. Nc3 d6 8. Be2 h5 9. f3 0-0 10. 0-0 Bd7 11. Qd2 Kh7 12. Rfd1 a6 13. Nxc6 Bxc6 14. Nd5 Nd7 15. Rab1 Rc8 16. Nb4 Ne5 17. Nxc6 Nxc6 18. b4 Qc7 19. Rbc1 Rfd8 20. f4 e5 21. f5 Nd4 22. Rf1 Qb6 23. Bd3 Bh6 24. fxg6+ fxg6 25. Kh1 Bxe3 26. Qxe3 0-1

[Event "Geller Memorial op-B 7th"]
[Site "Odessa"]
[Date "2011.08.27"]
[Round "8"]
[White "Varchenko, Grigory"]
[Black "Bronnikova, Karolina"]
[Result "1/2-1/2"]
[WhiteElo "2119"]
[BlackElo "1768"]
[PlyCount "52"]
[EventDate "2011.08.20"]
[EventType "swiss"]
[EventRounds "9"]
[EventCountry "UKR"]
[SourceTitle "EXT 2014"]
[Source "ChessBase"]
[SourceDate "2013.11.20"]
[SourceVersion "1"]
[SourceVersionDate "2013.11.20"]
[SourceQuality "1"]

1. e4 e6 2. d4 d5 3. Nc3 dxe4 4. Nxe4 b6 5. c3 Bb7 6. Ng3 Nd7 7. Nf3 Ngf6 8. Be2 Be7 9. 0-0 0-0 10. Qc2 c5 11. Bf4 cxd4 12. cxd4 Nd5 13. Bd2 N7f6 14. a3 Bd6 15. Ne5 Rc8 16. Qd3 Qe7 17. f4 Rfd8 18. Rae1 Bb8 19. Bf3 Qe8 20. Bd1 Ne7 21. Bc3 Ng6 22. Qe2 Nd5 23. Bd2 Nde7 24. Bc3 Nd5 25. Bd2 Nde7 26. Bc3 Nd5 1/2-1/2

[Event "Geller Memorial op-A 7th"]
[Site "Odessa"]
[Date "2011.08.24"]
[Round "5"]
[White "Goreskul, Alyona"]
[Black "Varchenko, Grigory"]
[Result "1/2-1/2"]
[WhiteElo "2221"]
[BlackElo "2119"]
[PlyCount "71"]
[EventDate "2011.08.20"]
[EventType "swiss"]
[EventRounds "9"]
[EventCountry "UKR"]
[SourceTitle "EXT 2014"]
[Source "ChessBase"]
[SourceDate "2013.11.20"]
[SourceVersion "1"]
[SourceVersionDate "2013.11.20"]
[SourceQuality "1"]

1. e4 c5 2. c3 Nf6 3. e5 Nd5 4. g3 Nc6 5. Bg2 e6 6. Nf3 d6 7. exd6 Bxd6 8. 0-0 0-0 9. d4 cxd4 10. Nxd4 Nxd4 11. Qxd4 Qc7 12. Nd2 Bd7 13. Ne4 Be7 14. c4 Nb6 15. c5 Nd5 16. b4 Rfd8 17. Bb2 f6 18. Rfe1 Bf8 19. Rac1 a5 20. a3 axb4 21. axb4 Bb5 22. Nc3 Nxc3 23. Qxc3 e5 24. Be4 Bc6 25. Qc4+ Kh8 26. Bb1 Qd7 27. Qh4 h6 28. Qh5 Qd5 29. Be4 Qe6 30. Qg6 Bxe4 31. Qxe4 Qc6 32. Qc4 b6 33. cxb6 Qxb6 34. Bc3 Rac8 35. Qb3 Qb5 36. Red1 1/2-1/2

[Event "Zaporozhye Ermak Cup 7th"]
[Site "Zaporozhye"]
[Date "2011.06.28"]
[Round "5"]
[White "Varchenko, Grigory"]
[Black "Shagbazyan, Taron"]
[Result "0-1"]
[WhiteElo "2128"]
[BlackElo "2303"]
[PlyCount "101"]
[EventDate "2011.06.25"]
[EventType "swiss"]
[EventRounds "9"]
[EventCountry "UKR"]
[SourceTitle "CBM 143 Extra"]
[Source "ChessBase"]
[SourceDate "2011.08.29"]
[SourceVersion "1"]
[SourceVersionDate "2011.08.29"]
[SourceQuality "1"]

1. e4 e6 2. d4 d5 3. Nc3 h6 4. a3 Nf6 5. e5 Ne4 6. Nxe4 dxe4 7. Be3 c5 8. c3 Nc6 9. b4 cxd4 10. cxd4 a5 11. b5 Ne7 12. Qc2 Nd5 13. Qxe4 Bd7 14. Bc4 Qc7 15. Qd3 Nb6 16. Bb3 a4 17. Rc1 Qd8 18. Ba2 Qe7 19. Rc5 Qd8 20. Rc1 Nd5 21. Bd2 Qe7 22. Bxd5 exd5 23. Ra1 Rc8 24. Ne2 Qe6 25. 0-0 Qf5 26. Qxf5 Bxf5 27. Rfc1 Rxc1+ 28. Bxc1 Bc2 29. Bd2 Kd7 30. Nf4 Bb3 31. Nd3 Bc4 32. Nb4 Be7 33. f4 g6 34. Kf2 Ke6 35. Rc1 Rd8 36. b6 h5 37. g3 Ra8 38. Ke3 g5 39. Rxc4 dxc4 40. d5+ Kd7 41. Kd4 gxf4 42. gxf4 Rg8 43. Kxc4 Rg2 44. Be3 Re2 45. Bd4 Bxb4 46. Kxb4 Re4 47. Kc5 Rxf4 48. Be3 Re4 49. Bd4 Re2 50. h4 Re4 51. Bf2 0-1

[Event "UKR-ch sf"]
[Site "Alushta"]
[Date "2011.05.10"]
[Round "8"]
[White "Bezkorovaina, Marija"]
[Black "Varchenko, Grigory"]
[Result "1-0"]
[WhiteElo "1990"]
[BlackElo "2128"]
[PlyCount "85"]
[EventDate "2011.05.03"]
[EventType "swiss"]
[EventRounds "9"]
[EventCountry "UKR"]
[SourceTitle "CBM 142 Extra"]
[Source "ChessBase"]
[SourceDate "2011.06.27"]
[SourceVersion "1"]
[SourceVersionDate "2011.06.27"]
[SourceQuality "1"]

1. e4 c5 2. Nf3 a6 3. c3 d6 4. d4 Nd7 5. Bd3 Ngf6 6. 0-0 e6 7. Qe2 Be7 8. Bf4 b6 9. Nbd2 Qc7 10. h3 Bb7 11. a4 0-0 12. b4 Rfc8 13. Rac1 e5 14. Bh2 cxd4 15. cxd4 Qxc1 16. Rxc1 Rxc1+ 17. Nf1 exd4 18. Nxd4 Ne5 19. Bc2 Rc8 20. Bf4 Ra1 21. Kh2 Ra2 22. Ng3 Bf8 23. Qd1 Rb2 24. Bg5 Ne8 25. Bd2 Rc4 26. Nge2 d5 27. Bb3 dxe4 28. Bxc4 Nxc4 29. Bc3 Ned6 30. Bxb2 Nxb2 31. Qd2 Nd3 32. Nf4 Nc4 33. Qc2 Nde5 34. b5 Bd6 35. Kg1 e3 36. bxa6 Bxa6 37. Qe4 exf2+ 38. Kxf2 Nd7 39. Qa8+ Nb8 40. Nc6 Bc5+ 41. Kg3 Bc8 42. Qxb8 Nd6 43. Ne7+ 1-0

[Event "UKR-ch sf"]
[Site "Alushta"]
[Date "2011.05.04"]
[Round "2"]
[White "Varchenko, Grigory"]
[Black "Andreev, Volodymyr"]
[Result "1-0"]
[WhiteElo "2128"]
[BlackElo "1915"]
[PlyCount "81"]
[EventDate "2011.05.03"]
[EventType "swiss"]
[EventRounds "9"]
[EventCountry "UKR"]
[SourceTitle "CBM 142 Extra"]
[Source "ChessBase"]
[SourceDate "2011.06.27"]
[SourceVersion "1"]
[SourceVersionDate "2011.06.27"]
[SourceQuality "1"]

1. e4 c5 2. Nf3 Nc6 3. Nc3 e6 4. d4 cxd4 5. Nxd4 a6 6. g3 Nge7 7. Nb3 d5 8. exd5 Nxd5 9. Nxd5 Qxd5 10. Qxd5 exd5 11. Bg2 Nb4 12. Nd4 Bc5 13. a3 Bxd4 14. axb4 0-0 15. 0-0 Be6 16. c3 Bf6 17. Be3 Rfd8 18. Rfd1 Rac8 19. Bd4 Bxd4 20. Rxd4 Rd7 21. f4 g6 22. Rad1 Rcd8 23. Kf2 h5 24. c4 dxc4 25. Rxd7 Rxd7 26. Rxd7 Bxd7 27. Bxb7 Bb5 28. Ke3 Kf8 29. Kd4 Ke7 30. Bd5 f6 31. Bxc4 Be8 32. Bxa6 Kd6 33. b5 g5 34. b6 Bf7 35. Bc4 Bg6 36. Bd5 h4 37. fxg5 fxg5 38. b7 Kc7 39. Ke5 Bd3 40. Be4 Be2 41. Kf5 1-0

[Event "Geller Memorial op-B1 6th"]
[Site "Odessa"]
[Date "2010.08.29"]
[Round "9"]
[White "Andreev, Volodymyr"]
[Black "Varchenko, Grigory"]
[Result "0-1"]
[WhiteElo "1966"]
[BlackElo "2138"]
[PlyCount "80"]
[EventDate "2010.08.21"]
[EventType "swiss"]
[EventRounds "9"]
[EventCountry "UKR"]
[SourceTitle "EXT 2012"]
[Source "ChessBase"]
[SourceDate "2011.11.24"]
[SourceVersion "1"]
[SourceVersionDate "2011.11.24"]
[SourceQuality "1"]

1. e4 c5 2. d4 cxd4 3. c3 d3 4. Bxd3 Nc6 5. Nf3 d6 6. 0-0 Nf6 7. h3 e6 8. Na3 Be7 9. Nc2 0-0 10. Qe2 Qc7 11. Bf4 Ne5 12. Bxe5 dxe5 13. g4 b6 14. Ne3 Bb7 15. Nc4 Nd7 16. Rac1 Rac8 17. Rfd1 Rfd8 18. Ne3 Nc5 19. Nf1 Nxd3 20. Rxd3 Rxd3 21. Qxd3 Rd8 22. Qe2 f6 23. Ng3 Kf7 24. h4 Qd7 25. Kf1 Qa4 26. b3 Qa3 27. Rc2 Ba6 28. c4 Qc5 29. Kg2 Qc7 30. g5 Bb7 31. Kh3 Kg8 32. gxf6 gxf6 33. Nh2 Kh8 34. Qg4 Rg8 35. Qe2 f5 36. exf5 exf5 37. Nf3 e4 38. Nxf5 Qf4 39. N3d4 Bc8 40. Qh5 Bf6 0-1

[Event "Geller Memorial op-A 6th"]
[Site "Odessa"]
[Date "2010.08.21"]
[Round "1"]
[White "Bogdanovich, Stanislav"]
[Black "Varchenko, Grigory"]
[Result "1-0"]
[WhiteElo "2464"]
[BlackElo "2138"]
[PlyCount "51"]
[EventDate "2010.08.21"]
[EventType "swiss"]
[EventRounds "9"]
[EventCountry "UKR"]
[SourceTitle "CBM 138 Extra"]
[Source "ChessBase"]
[SourceDate "2010.10.29"]
[SourceVersion "1"]
[SourceVersionDate "2010.10.29"]
[SourceQuality "1"]

1. e4 c5 2. Nf3 a6 3. c4 Nc6 4. d4 cxd4 5. Nxd4 e5 6. Nf5 d5 7. cxd5 Bxf5 8. exf5 Nd4 9. Nc3 Bc5 10. Bd3 Ne7 11. 0-0 Nxd5 12. Be4 Nxc3 13. bxc3 Nc6 14. Qg4 Kf8 15. Rb1 Qc7 16. f6 gxf6 17. Kh1 Rd8 18. f4 Bd6 19. Qh4 exf4 20. Qxf6 Be5 21. Ba3+ Ke8 22. Rfe1 Ne7 23. Rxb7 Bxf6 24. Rxc7 Bh4 25. g3 fxg3 26. hxg3 1-0

[Event "Zaporozhye Ermak Cup 6th"]
[Site "Zaporozhye"]
[Date "2010.06.23"]
[Round "1"]
[White "Varchenko, Grigory"]
[Black "Zinchenko, Yaroslav"]
[Result "0-1"]
[WhiteElo "2141"]
[BlackElo "2547"]
[PlyCount "82"]
[EventDate "2010.06.23"]
[EventType "swiss"]
[EventRounds "9"]
[EventCountry "UKR"]
[SourceTitle "CBM 137 Extra"]
[Source "ChessBase"]
[SourceDate "2010.09.01"]
[SourceVersion "1"]
[SourceVersionDate "2010.09.01"]
[SourceQuality "1"]

1. e4 c5 2. Nf3 Nc6 3. Nc3 d6 4. Bb5 Bd7 5. 0-0 a6 6. Bxc6 Bxc6 7. d4 cxd4 8. Nxd4 Rc8 9. Nxc6 Rxc6 10. f4 e6 11. f5 Nf6 12. fxe6 fxe6 13. Bg5 Be7 14. Bxf6 Bxf6 15. Qg4 Qe7 16. e5 Bxe5 17. Ne4 Bf6 18. Nxf6+ gxf6 19. c4 f5 20. Qe2 0-0 21. Rae1 Rf6 22. Rf3 Qf7 23. b4 e5 24. c5 e4 25. Rg3+ Rg6 26. Rxg6+ hxg6 27. Rd1 Qf6 28. b5 Rxc5 29. bxa6 bxa6 30. Qxa6 e3 31. h3 Qe5 32. Rb1 Rc7 33. Rd1 Kg7 34. a4 f4 35. Qe2 Rc5 36. Rb1 d5 37. Qg4 Rc7 38. a5 d4 39. a6 d3 40. Rb7 Rxb7 41. axb7 e2 0-1

[Event "UKR-ch"]
[Site "Alushta"]
[Date "2010.05.08"]
[Round "6"]
[White "Varchenko, Grigory"]
[Black "Borsuk, Konstantin"]
[Result "1/2-1/2"]
[WhiteElo "2141"]
[BlackElo "2319"]
[PlyCount "88"]
[EventDate "2010.05.03"]
[EventType "swiss"]
[EventRounds "9"]
[EventCountry "UKR"]
[SourceTitle "CBM 136 Extra"]
[Source "ChessBase"]
[SourceDate "2010.07.02"]
[SourceVersion "2"]
[SourceVersionDate "2010.07.15"]
[SourceQuality "1"]

1. e4 e6 2. d4 d5 3. Nc3 Bb4 4. Nge2 Nc6 5. a3 Ba5 6. e5 Nge7 7. Ng3 Nf5 8. Bb5 0-0 9. Nxf5 Bxc3+ 10. bxc3 exf5 11. 0-0 Ne7 12. Bg5 h6 13. Bxe7 Qxe7 14. f4 c5 15. Be2 Be6 16. Bd3 g6 17. Qe1 h5 18. Qe3 Rac8 19. Rfb1 Rc7 20. g3 Rfc8 21. a4 Kg7 22. h4 Rc6 23. Qd2 c4 24. Be2 Rb6 25. Qc1 Rcc6 26. a5 Rxb1 27. Qxb1 Ra6 28. Bf3 Qd7 29. Kf2 b6 30. axb6 Rxb6 31. Qa2 a6 32. Ke3 Qc6 33. Qa3 Bc8 34. Qc5 Be6 35. Qxc6 Rxc6 36. Ra5 Rb6 37. Bxd5 Rb2 38. Bxe6 fxe6 39. Kd2 Rb1 40. Rxa6 Kf7 41. Ra7+ Kf8 42. Ke3 Re1+ 43. Kf3 Rf1+ 44. Ke3 Re1+ 1/2-1/2

[Event "UKR-ch"]
[Site "Alushta"]
[Date "2010.05.05"]
[Round "3"]
[White "Kurochkin, Valery"]
[Black "Varchenko, Grigory"]
[Result "1-0"]
[WhiteElo "2369"]
[BlackElo "2141"]
[PlyCount "163"]
[EventDate "2010.05.03"]
[EventType "swiss"]
[EventRounds "9"]
[EventCountry "UKR"]
[SourceTitle "CBM 136 Extra"]
[Source "ChessBase"]
[SourceDate "2010.07.02"]
[SourceVersion "2"]
[SourceVersionDate "2010.07.15"]
[SourceQuality "1"]

1. d4 Nf6 2. Nf3 d5 3. c4 dxc4 4. e3 e6 5. Bxc4 c5 6. 0-0 a6 7. Qe2 b5 8. Bb3 Bb7 9. Rd1 Qb6 10. Nc3 Nbd7 11. d5 exd5 12. Nxd5 Nxd5 13. Bxd5 Bxd5 14. Rxd5 Be7 15. e4 Rd8 16. Be3 Qe6 17. Rad1 h6 18. b4 Qxe4 19. bxc5 Bxc5 20. Re5+ Nxe5 21. Rxd8+ Kxd8 22. Bg5+ hxg5 23. Qxe4 Nxf3+ 24. Qxf3 Kc7 25. Qxf7+ Kb6 26. Qe6+ Ka5 27. Qd5 Kb6 28. Kf1 Rxh2 29. Qd8+ Kc6 30. Qc8+ Kd5 31. Qb7+ Kc4 32. Qf7+ Kb4 33. Qxg7 Rh1+ 34. Ke2 Rb1 35. Kd2 Ka4 36. Qxg5 Bb4+ 37. Kc2 Re1 38. Qg4 Re5 39. Kb2 Rd5 40. Qf3 Rd2+ 41. Kb1 Bc5 42. Qc3 Bb4 43. Qb3+ Ka5 44. a3 Rd4 45. Qg3 Bc5 46. Qc7+ Bb6 47. Qc3+ b4 48. axb4+ Rxb4+ 49. Ka2 Bd4 50. Qc7+ Ka4 51. Qc2+ Kb5 52. Ka3 a5 53. Qe2+ Rc4 54. g4 a4 55. Qe8+ Ka5 56. Qd8+ Kb5 57. Qd7+ Ka5 58. Qd8+ Kb5 59. Qb8+ Ka5 60. Qa8+ Kb5 61. Qe8+ Ka5 62. Qe2 Bc5+ 63. Ka2 Rc3 64. Qe1 Bb4 65. Qe5+ Rc5 66. Qe4 Rc3 67. Qf5+ Rc5 68. Qd3 Rc3 69. Qd5+ Rc5 70. Qd8+ Kb5 71. Qd3+ Ka5 72. g5 Rc3 73. Qd5+ Kb6 74. Qd4+ Ka5 75. Qd8+ Kb5 76. Qb8+ Ka5 77. Qa8+ Kb5 78. Qd5+ Kb6 79. g6 Ra3+ 80. Kb2 Rb3+ 81. Kc2 Rc3+ 82. Kd1 1-0

[Event "UKR-ch"]
[Site "Alushta"]
[Date "2010.05.04"]
[Round "2"]
[White "Varchenko, Grigory"]
[Black "Kotik, Vitaliy"]
[Result "1-0"]
[WhiteElo "2141"]
[BlackElo "1817"]
[PlyCount "97"]
[EventDate "2010.05.03"]
[EventType "swiss"]
[EventRounds "9"]
[EventCountry "UKR"]
[SourceTitle "CBM 136 Extra"]
[Source "ChessBase"]
[SourceDate "2010.07.02"]
[SourceVersion "2"]
[SourceVersionDate "2010.07.15"]
[SourceQuality "1"]

1. Nf3 Nf6 2. c4 g6 3. b3 Bg7 4. Bb2 0-0 5. g3 d6 6. Bg2 e5 7. d3 Nc6 8. 0-0 Kh8 9. Nc3 Ng8 10. Nd5 Nce7 11. e4 c6 12. Ne3 f5 13. c5 b5 14. cxd6 Qxd6 15. d4 f4 16. Nc2 Bg4 17. dxe5 Qc7 18. Qc1 fxg3 19. fxg3 Bxf3 20. Bxf3 Bxe5 21. Kg2 Rad8 22. Ne3 Nf6 23. Qc2 Kg7 24. Rad1 h5 25. Ba3 Nc8 26. Bxf8+ Rxf8 27. Kh1 Rh8 28. Ng2 h4 29. Nf4 Kf7 30. Kg2 Ne7 31. Ne2 Qc8 32. g4 h3+ 33. Kh1 Kg7 34. Qc5 Qc7 35. Nd4 Bxd4 36. Qxd4 c5 37. Qc3 b4 38. Qb2 Qf4 39. Rd7 Re8 40. Qd2 Qe5 41. Rxa7 Qb8 42. e5 Nxg4 43. Rb7 Qc8 44. Qg5 Qf5 45. Qxg4 Qd3 46. Qxh3 Rh8 47. Rxe7+ Kf8 48. Qxh8+ Kxe7 49. Qf6+ 1-0

[Event "Poltava op"]
[Site "Poltava"]
[Date "2009.12.10"]
[Round "8"]
[White "Varchenko, Grigory"]
[Black "Naboka, Sergey"]
[Result "0-1"]
[WhiteElo "2149"]
[BlackElo "2021"]
[PlyCount "190"]
[EventDate "2009.12.04"]
[EventType "swiss"]
[EventRounds "9"]
[EventCountry "UKR"]
[SourceTitle "CBM 133 Extra"]
[Source "ChessBase"]
[SourceDate "2010.01.05"]
[SourceVersion "1"]
[SourceVersionDate "2010.01.05"]
[SourceQuality "1"]

1. e4 e6 2. d4 d5 3. Nc3 Nf6 4. Bg5 Be7 5. e5 Nfd7 6. h4 f6 7. exf6 Nxf6 8. Nf3 c5 9. Bb5+ Bd7 10. Qe2 Nc6 11. 0-0-0 0-0 12. dxc5 Bxc5 13. Rhe1 Qc7 14. Bd3 Nb4 15. Be3 Rae8 16. a3 Nxd3+ 17. Rxd3 b5 18. Bxc5 Qxc5 19. Ne5 a5 20. Rf3 Qc7 21. Nxd7 Qxd7 22. Qxb5 Qxb5 23. Nxb5 e5 24. Rc3 d4 25. Rc5 Ng4 26. Nd6 Re6 27. Ne4 a4 28. Re2 Rh6 29. g3 Rh5 30. Kd2 Rhf5 31. Kd3 Rb8 32. c3 Rf3+ 33. Kc4 dxc3 34. bxc3 h6 35. Rd2 Rb3 36. Rd7 Nxf2 37. Nxf2 Rbxc3+ 38. Kb4 Rxc5 39. Kxc5 Rxf2 40. Ra7 Rg2 41. Rxa4 Rxg3 42. Kd5 Re3 43. Ra7 e4 44. a4 Rh3 45. Kxe4 Rxh4+ 46. Kf5 Rh1 47. a5 Ra1 48. Kg6 Rg1+ 49. Kf5 Rg5+ 50. Kf4 Rb5 51. Kg4 Kh7 52. Ra6 h5+ 53. Kh4 g6 54. Ra8 Kg7 55. a6 Rb4+ 56. Kg3 Ra4 57. Kh3 g5 58. Ra7+ Kg6 59. Ra8 Ra3+ 60. Kg2 g4 61. a7 Kg7 62. Rb8 Rxa7 63. Kg3 Ra3+ 64. Kh4 Rh3+ 65. Kg5 Rh1 66. Rb7+ Kf8 67. Kf5 Rf1+ 68. Kg5 Rh1 69. Kf4 Rf1+ 70. Kg5 g3 71. Rb2 Rh1 72. Kf4 h4 73. Kf3 Ke7 74. Rb7+ Kf6 75. Rb6+ Ke5 76. Rb5+ Kd4 77. Rb4+ Kc3 78. Ra4 Kd3 79. Ra8 Rf1+ 80. Kg2 Rf2+ 81. Kg1 Ke3 82. Re8+ Kd2 83. Rh8 Rh2 84. Rg8 Ke3 85. Ra8 Kf3 86. Ra3+ Kg4 87. Ra4+ Kh3 88. Ra1 Rb2 89. Rc1 Rb3 90. Rf1 Kg4 91. Ra1 Rb4 92. Rc1 h3 93. Kh1 h2 94. Kg2 Rb2+ 95. Kh1 Kh3 0-1

[Event "Poltava op"]
[Site "Poltava"]
[Date "2009.12.09"]
[Round "6"]
[White "Varchenko, Grigory"]
[Black "Kislinsky, Alexey"]
[Result "0-1"]
[WhiteElo "2149"]
[BlackElo "2425"]
[PlyCount "80"]
[EventDate "2009.12.04"]
[EventType "swiss"]
[EventRounds "9"]
[EventCountry "UKR"]
[SourceTitle "CBM 133 Extra"]
[Source "ChessBase"]
[SourceDate "2010.01.05"]
[SourceVersion "1"]
[SourceVersionDate "2010.01.05"]
[SourceQuality "1"]

1. e4 c5 2. Nf3 Nc6 3. d4 cxd4 4. Nxd4 g6 5. c4 Bg7 6. Be3 Nf6 7. Nc3 d6 8. Be2 0-0 9. 0-0 Bd7 10. b3 Nxd4 11. Bxd4 Bc6 12. Qd3 a5 13. Rad1 Nd7 14. Bxg7 Kxg7 15. f4 Qb6+ 16. Kh1 a4 17. bxa4 Qc5 18. Rb1 Nf6 19. h3 h5 20. Kh2 b6 21. Bf3 Rh8 22. Rbe1 Ng4+ 23. Bxg4 hxg4 24. e5 Rad8 25. e6 Bxg2 26. Kxg2 Rxh3 27. Qd2 Rdh8 28. Rh1 Qh5 29. Qd4+ f6 30. Qg1 Rxh1 31. Qxh1 Qa5 32. Qxh8+ Kxh8 33. Re3 Kg7 34. Nd5 Qd2+ 35. Kg3 f5 36. Rc3 Qe1+ 37. Kg2 Kh6 38. a3 Kh5 39. Re3 Qd2+ 40. Kg3 g5 0-1

[Event "Stopkin Memorial 1st"]
[Site "Nikolaev"]
[Date "2009.11.25"]
[Round "5"]
[White "Olshevskiy, Maxim"]
[Black "Varchenko, Grigory"]
[Result "1-0"]
[WhiteElo "2009"]
[BlackElo "2165"]
[PlyCount "71"]
[EventDate "2009.11.22"]
[EventType "swiss"]
[EventRounds "9"]
[EventCountry "UKR"]
[SourceTitle "EXT 2023"]
[Source "ChessBase"]
[SourceDate "2022.10.05"]
[SourceVersion "1"]
[SourceVersionDate "2022.10.05"]
[SourceQuality "1"]

1. e4 c5 2. Nc3 Nc6 3. Bb5 Nd4 4. Bc4 a6 5. a4 Rb8 6. a5 Nc6 7. d3 Nxa5 8. Bxf7+ Kxf7 9. Qh5+ g6 10. Qe5 Bg7 11. Qxb8 d6 12. Rxa5 Qxa5 13. Qxc8 Bxc3+ 14. bxc3 Qxc3+ 15. Bd2 Qxc2 16. Nf3 h6 17. Ke2 Nf6 18. Qxh8 c4 19. Ne1 cxd3+ 20. Nxd3 Nxe4 21. Rd1 e5 22. Nxe5+ dxe5 23. Qxe5 Qc4+ 24. Ke3 Nf6 25. Qf4 Qe6+ 26. Kf3 g5 27. Qc7+ Kg6 28. Qc2+ Kh5 29. g3 Qd5+ 30. Ke2 Kg4 31. Qc8+ Kh5 32. Be3 Qb5+ 33. Kf3 Qa4 34. Rd4 Qb5 35. Rd6 Kg6 36. Qg8+ 1-0

[Event "Stopkin Memorial 1st"]
[Site "Nikolaev"]
[Date "2009.11.23"]
[Round "3"]
[White "Lots, Stepan"]
[Black "Varchenko, Grigory"]
[Result "1-0"]
[WhiteElo "2262"]
[BlackElo "2165"]
[PlyCount "67"]
[EventDate "2009.11.22"]
[EventType "swiss"]
[EventRounds "9"]
[EventCountry "UKR"]
[SourceTitle "EXT 2023"]
[Source "ChessBase"]
[SourceDate "2022.10.05"]
[SourceVersion "1"]
[SourceVersionDate "2022.10.05"]
[SourceQuality "1"]

1. e4 c5 2. Nc3 Nc6 3. g3 g6 4. Bg2 Bg7 5. d3 d6 6. Be3 Nf6 7. h3 Rb8 8. Qd2 b5 9. Bh6 Bxh6 10. Qxh6 Nd4 11. Qd2 h5 12. Nd1 e5 13. c3 Ne6 14. Ne2 d5 15. exd5 Nxd5 16. 0-0 h4 17. Ne3 Bb7 18. Ng4 Qd6 19. Rae1 Kf8 20. Nc1 f6 21. c4 Ndf4 22. gxf4 Nxf4 23. f3 bxc4 24. Ne2 Nxe2+ 25. Rxe2 cxd3 26. Re3 c4 27. b3 Ba6 28. bxc4 Bxc4 29. f4 exf4 30. Rxf4 Rb1+ 31. Bf1 Qxf4 32. Re8+ Kxe8 33. Qxf4 d2 34. Qe4+ 1-0